Chairmen of the Standing Committee of the National People's Congress - Statistics

General Stats
  • This quiz has been taken 12 times
  • The average score is 7 of 11
Answer Stats
Picture Hint Answer % Correct
1954-1959 Liu Shaoqi
100%
1959-1976 Zhu De
83%
1998-2003 Li Peng
67%
1983-1988 Peng Zhen
67%
1993-1998 Qiao Shi
67%
2003-2013 Wu Bangguo
67%
1978-1983 Ye Jianying
67%
2023- Zhao Leji
67%
2018-2023 Li Zhanshu
50%
1988-1993 Wan Li
50%
2013-2018 Zhang Dejiang
50%
No matching quizzes found
Score Distribution
Percent of People with Each Score
Percentile by Number Answered
Your Score History
You have not taken this quiz